[Event "AUTO-ADV-1760"]
[Site "http://www.queenalice.com/game.php?id=775438"]
[Date "2010.5.14"]
[Round "1"]
[White "Mannu"]
[Black "Dubone"]
[Result "1-0"]
[WhiteElo "2084"]
[BlackElo "1684"]

1. e4 c5 2. c4 e6 3. Nc3 Nc6 4. Nf3 g6 5. d3 Bg7 6. Be2 Nd4 7. O-O Nxe2+ 8. Nxe2
h6 9. Rb1 d6 10. Bd2 Ne7 11. h3 e5 12. Nh2 Be6 13. b4 b6 14. bxc5 dxc5 15. Bc3
Nc6 16. f4 Nd4 17. Bxd4 exd4 18. f5 gxf5 19. exf5 Bd7 20. Ng3 O-O 21. Ne4 Be5
22. Ng4 1-0

[Event "AUTO-ADV-1760"]
[Site "http://www.queenalice.com/game.php?id=775439"]
[Date "2010.5.14"]
[Round "1"]
[White "Dubone"]
[Black "Mannu"]
[Result "0-1"]
[WhiteElo "1729"]
[BlackElo "2109"]

1. c4 e6 2. Nc3 Nf6 3. g3 Bb4 4. Bg2 O-O 5. e3 Bxc3 6. bxc3 Nc6 7. d4 d5 8. Ba3
Re8 9. Ne2 Na5 10. cxd5 exd5 11. Nf4 Nc4 12. Bc1 c6 13. Nd3 Bf5 14. O-O Ne4 15.
Bxe4 Bxe4 16. Nc5 Qc8 17. Nxe4 Rxe4 18. Qe2 Qh3 19. Rb1 b5 20. f3 Re6 21. Rf2
Rae8 22. e4 dxe4 23. f4 f5 24. Be3 Nb6 25. d5 Nxd5 26. Bd4 e3 27. Rg2 a6 28. a4
bxa4 29. Rb7 g6 30. c4 Nf6 31. Bxf6 Rxf6 32. c5 a5 33. Qc4+ Kf8 34. Re2 Rfe6 35.
Qd4 R8e7 36. Qh8+ Kf7 37. Rxe7+ Rxe7 38. Qc3 Qg4 39. Rxe3 Rxe3 40. Qxe3 Qd1+ 41.
Kf2 Qc2+ 42. Kg1 Qb1+ 43. Kg2 Qe4+ 0-1

[Event "AUTO-ADV-1760"]
[Site "http://www.queenalice.com/game.php?id=775452"]
[Date "2010.5.14"]
[Round "1"]
[White "Dubone"]
[Black "fabianoo"]
[Result "0-1"]
[WhiteElo "1682"]
[BlackElo "1972"]

1. c4 e6 2. Nc3 c5 3. e4 g6 4. Nf3 Bg7 5. d3 a6 6. e5 Nc6 7. Bf4 Nge7 8. Be2 Nf5
9. Rb1 Nfd4 10. O-O Nxf3+ 11. Bxf3 Nxe5 12. Bxe5 Bxe5 13. Ne4 Qc7 14. g3 O-O 15.
Bg2 f5 16. Ng5 f4 17. Ne4 fxg3 18. Nxg3 Rb8 19. Qg4 b5 20. Be4 d6 21. f4 Bd4+
22. Kg2 e5 23. Qg5 exf4 24. Nf5 Bxf5 25. Bxf5 Rxf5 26. Qg4 f3+ 27. Rxf3 Qb7 0-1

[Event "AUTO-ADV-1760"]
[Site "http://www.queenalice.com/game.php?id=775453"]
[Date "2010.5.14"]
[Round "1"]
[White "fabianoo"]
[Black "Dubone"]
[Result "1-0"]
[WhiteElo "1906"]
[BlackElo "1662"]

1. e4 c5 2. Nf3 Nc6 3. d4 e6 4. c3 d5 5. Nbd2 cxd4 6. cxd4 Nf6 7. exd5 exd5 8.
Bb5 Bd6 9. Qe2+ Be6 10. Ng5 O-O 11. Nxe6 fxe6 12. Qxe6+ Kh8 13. Bxc6 bxc6 14.
O-O Re8 15. Qf5 Ng8 16. Nf3 Ne7 17. Qd3 c5 18. Ng5 Bxh2+ 19. Kh1 1-0

[Event "AUTO-ADV-1760"]
[Site "http://www.queenalice.com/game.php?id=775454"]
[Date "2010.5.14"]
[Round "1"]
[White "Dubone"]
[Black "Bigorna"]
[Result "0-1"]
[WhiteElo "1737"]
[BlackElo "1948"]

1. c4 e5 2. Nc3 Bb4 3. e4 Nf6 4. Nf3 Nc6 5. Bd3 O-O 6. a3 Bxc3 7. dxc3 h6 8. g3
Na5 9. Nxe5 d6 10. Nf3 c5 11. b4 Nc6 12. O-O a6 13. Be3 Re8 14. Nh4 Nxe4 15.
Bxe4 Rxe4 16. Qd5 Re5 17. Qf3 Bh3 18. Rfe1 g5 19. Ng2 Qd7 20. Qf6 Re6 21. Qf3
Ne5 22. Qd5 Bg4 23. bxc5 Bf3 24. Qd4 Bc6 0-1

[Event "AUTO-ADV-1760"]
[Site "http://www.queenalice.com/game.php?id=775455"]
[Date "2010.5.14"]
[Round "1"]
[White "Bigorna"]
[Black "Dubone"]
[Result "1-0"]
[WhiteElo "1852"]
[BlackElo "1678"]

1. e4 c5 2. Nf3 Nc6 3. Bb5 Nf6 4. Nc3 e6 5. O-O Qc7 6. h3 a6 7. Bc4 Be7 8. Re1
h6 9. a4 Ne5 10. Nxe5 Qxe5 11. g3 g6 12. d3 Nh5 13. Ne2 d6 14. g4 Nf6 15. f4 1-0

[Event "Game 3 (Desempate)"]
[Site "http://www.queenalice.com/game.php?id=806710"]
[Date "2010.7.22"]
[Round "-"]
[White "MarcosT"]
[Black "Dubone"]
[Result "1-0"]
[WhiteElo "1647"]
[BlackElo "1697"]

1. e4 c5 2. Bc4 Nc6 3. Nf3 e6 4. Nc3 Be7 5. O-O d5 6. exd5 exd5 7. Nxd5 Be6 8.
Nxe7 Bxc4 9. Nxc6 bxc6 10. Re1+ Ne7 11. d3 Bd5 12. Bg5 f6 13. Bh4 O-O 14. b3 Nf5
15. Bg3 Nxg3 16. hxg3 Bxf3 17. Qxf3 Re8 18. Qxc6 Rxe1+ 19. Rxe1 Rc8 20. Qe4 h6
21. c4 a5 22. a4 Qd7 23. Qe6+ Qxe6 24. Rxe6 Rb8 25. Ra6 Rxb3 26. Rxa5 Rxd3 27.
Rxc5 Ra3 28. a5 Kf8 29. Rb5 Ke8 30. c5 Kd8 31. Kh2 Kc7 32. f4 Kc6 33. Rb8 Kxc5
34. f5 Rxa5 35. Rg8 Ra7 36. g4 Kd5 37. Kg3 Ke4 38. Re8+ Kd3 39. Kh4 Ra1 40. Re7
Ra4 41. Rxg7 1-0

[Event "AEAP 2010"]
[Site "http://www.queenalice.com/game.php?id=819395"]
[Date "2010.8.17"]
[Round "1"]
[White "rockaudrey"]
[Black "Dubone"]
[Result "1-0"]
[WhiteElo "1814"]
[BlackElo "1709"]

1. e4 c5 2. Nf3 Nc6 3. d4 cxd4 4. Nxd4 Nxd4 5. Qxd4 e6 6. Bc4 Qc7 7. Nc3 a6 8.
Be3 Nf6 9. f3 Bc5 10. Qxc5 Qxc5 11. Bxc5 b5 12. Bb3 Bb7 13. O-O-O Bc6 14. h4 a5
15. a3 Nh5 16. g4 Nf4 17. g5 b4 18. axb4 axb4 19. Bxb4 d5 20. exd5 exd5 21. Nxd5
Bxd5 22. Bxd5 Nxd5 23. Rhe1+ Kd7 24. Rxd5+ Kc6 25. Rd6+ Kb5 26. Ba3 Rhe8 27.
Rxe8 1-0

[Event "AUTO-OPEN-2682"]
[Site "http://www.queenalice.com/game.php?id=1058368"]
[Date "2012.5.11"]
[Round "1"]
[White "Pinehill"]
[Black "Dubone"]
[Result "0-1"]
[WhiteElo "1824"]
[BlackElo "1702"]

1. e4 c6 2. d4 d5 3. Nc3 e6 4. e5 g6 5. Nf3 Bg7 6. Bd3 Ne7 7. O-O O-O 8. Be3 Nd7
9. Qd2 Nf5 10. Bg5 f6 11. exf6 Bxf6 12. Rfe1 Nb6 13. Bxf6 Qxf6 14. Ne5 Kg7 15.
Bxf5 Qxf5 16. b3 Nd7 17. g4 Nxe5 18. Rxe5 Qxg4+ 19. Kf1 Qh3+ 20. Ke1 Qf3 21. Qe3
Qh1+ 22. Kd2 Qxa1 23. Qg5 Rxf2+ 24. Re2 Qf1 0-1

[Event "AUTO-OPEN-2682"]
[Site "http://www.queenalice.com/game.php?id=1058369"]
[Date "2012.5.11"]
[Round "1"]
[White "Dubone"]
[Black "Pinehill"]
[Result "1-0"]
[WhiteElo "1679"]
[BlackElo "1847"]

1. e3 e5 2. c4 Nf6 3. Nc3 Bb4 4. Qc2 c5 5. a3 Bxc3 6. dxc3 b6 7. Ne2 O-O 8. Bd2
Bb7 9. f3 d5 10. cxd5 Bxd5 11. e4 Bc4 12. O-O-O Nc6 13. Ng3 Bxf1 14. Rhxf1 Qc7
15. Nf5 Rfd8 16. Bg5 Rxd1+ 17. Rxd1 h6 18. Bxf6 gxf6 19. Qd2 Ne7 20. Nxh6+ Kf8
21. Ng4 Qc6 22. Qh6+ 1-0

[Event "AUTO-OPEN-2682"]
[Site "http://www.queenalice.com/game.php?id=1058392"]
[Date "2012.5.11"]
[Round "1"]
[White "Pagano"]
[Black "Dubone"]
[Result "0-1"]
[WhiteElo "1982"]
[BlackElo "1715"]

1. e4 c6 2. d4 d5 3. Nc3 dxe4 4. Nxe4 Nf6 5. Nxf6+ exf6 6. Bd3 Qxd4 7. Nf3 Qd6
8. O-O Be6 9. Re1 Be7 10. c3 Nd7 11. Be3 h6 12. Nd4 b5 13. Qf3 Ne5 14. Qe4 Bd5
15. Qf5 g6 16. Qf4 Nxd3 17. Qxd6 Bxd6 18. Re2 Kd7 19. Rd2 Nf4 20. Nxb5 cxb5 21.
Bxf4 Bxf4 22. Rxd5+ Kc6 23. Rad1 Bc7 24. b3 Rad8 25. Rxd8 Rxd8 26. Rxd8 Bxd8 27.
f3 Kd5 28. Kf2 Bc7 29. Ke3 Bxh2 30. Kd3 g5 31. a3 f5 32. Ke3 f4+ 33. Kd3 f5 34.
Kd2 h5 35. Ke2 g4 0-1

[Event "AUTO-OPEN-2682"]
[Site "http://www.queenalice.com/game.php?id=1058393"]
[Date "2012.5.11"]
[Round "1"]
[White "Dubone"]
[Black "Pagano"]
[Result "0-1"]
[WhiteElo "1723"]
[BlackElo "2034"]

1. e3 e5 2. c4 f5 3. Nc3 Nf6 4. d3 b6 5. Qc2 Bb4 6. a3 Bxc3+ 7. bxc3 Bb7 8. e4
fxe4 9. dxe4 Bxe4 10. Qe2 d5 11. f3 Bg6 12. Qxe5+ Kf7 13. Be2 Nc6 14. Qf4 Re8
15. Kf2 Qe7 0-1

[Event "AUTO-OPEN-2682"]
[Site "http://www.queenalice.com/game.php?id=1058408"]
[Date "2012.5.11"]
[Round "1"]
[White "Dubone"]
[Black "chein"]
[Result "0-1"]
[WhiteElo "1719"]
[BlackElo "2355"]

1. c4 e5 2. Nc3 Nf6 3. e3 Bb4 4. Qc2 O-O 5. a3 Bxc3 6. dxc3 d6 7. h3 Qd7 8. Bd2
Qc6 9. Bd3 Qxg2 10. O-O-O Qxh1 11. Bf5 Bxf5 12. Qxf5 Qc6 13. Nf3 Nbd7 14. Rg1 g6
0-1

[Event "AUTO-OPEN-2682"]
[Site "http://www.queenalice.com/game.php?id=1058409"]
[Date "2012.5.11"]
[Round "1"]
[White "chein"]
[Black "Dubone"]
[Result "1-0"]
[WhiteElo "2363"]
[BlackElo "1717"]

1. e4 c6 2. d4 d5 3. e5 Bf5 4. h4 h6 5. g4 Be4 6. f3 Bh7 7. e6 fxe6 8. Nc3 Nd7
9. Bd3 Qc7 10. Bxh7 Rxh7 11. Qd3 O-O-O 12. Qxh7 Ndf6 13. Qd3 Qg3+ 14. Kf1 Nxg4
15. fxg4 1-0

[Event "Challenge"]
[Site "http://www.queenalice.com/game.php?id=1059042"]
[Date "2012.5.13"]
[Round "-"]
[White "Dubone"]
[Black "MarcosT"]
[Result "1-0"]
[WhiteElo "1742"]
[BlackElo "1719"]

1. e3 e5 2. c4 Nf6 3. Nc3 Nc6 4. a3 a5 5. d3 Bc5 6. Nf3 O-O 7. h3 d6 8. Be2 d5
9. d4 exd4 10. Nxd4 Nxd4 11. exd4 Ba7 12. Bg5 dxc4 13. d5 c6 14. d6 Re8 15. O-O
Qb6 16. Qd2 Bf5 17. Bxc4 Ne4 18. Nxe4 Rxe4 19. Be3 c5 20. Qd5 Rxc4 21. Qxc4 Qxd6
22. Qf4 Qe6 23. Rad1 b6 24. Rd6 Qe4 25. Rfd1 h6 26. Qxe4 Bxe4 27. Rd8+ Kh7 28.
Rxa8 Bxa8 29. Rd7 Bb8 30. Rd8 1-0

[Event "Game 02 (CH 1 x 0 )"]
[Site "http://www.queenalice.com/game.php?id=1095525"]
[Date "2012.8.22"]
[Round "-"]
[White "MarcosT"]
[Black "Dubone"]
[Result "0-1"]
[WhiteElo "1738"]
[BlackElo "1757"]

1. e4 c6 2. d4 d5 3. e5 Bf5 4. Nc3 h6 5. Bd3 Bxd3 6. cxd3 e6 7. Nf3 Bb4 8. Bd2
Nd7 9. O-O Ne7 10. a3 Ba5 11. b4 Bc7 12. Re1 Nf5 13. Bf4 Qe7 14. b5 Ba5 15. Qb3
c5 16. dxc5 Qxc5 17. Rec1 Nd4 18. Na4 Nxb3 19. Nxc5 Ndxc5 20. Rab1 Nxc1 21. Rxc1
Nxd3 0-1

[Event "Vai uma ?"]
[Site "http://www.queenalice.com/game.php?id=1116664"]
[Date "2012.10.27"]
[Round "-"]
[White "frankcasadio"]
[Black "Dubone"]
[Result "1-0"]
[WhiteElo "1945"]
[BlackElo "1758"]

1. e4 c6 2. Bc4 e6 3. d4 d5 4. exd5 cxd5 5. Bb5+ Bd7 6. Nc3 Bxb5 7. Nxb5 Nf6 8.
Bf4 Na6 9. Nf3 Qa5+ 10. Nc3 Ne4 11. O-O Nd6 12. a3 Qd8 13. Qd3 Qf6 14. Rfe1 Nc7
15. Be5 Qe7 16. Bxd6 Qxd6 17. Nb5 Qb6 18. Nxc7+ Qxc7 19. Qb5+ Kd8 20. Ne5 Rb8
21. c3 Bd6 22. g3 a6 23. Qd3 h5 24. Nf3 Qe7 25. c4 dxc4 26. Qxc4 g5 27. d5 e5
28. h4 f6 29. Rac1 g4 30. Nd2 f5 31. Qa4 Rh7 32. Rc3 Qd7 33. Qa5+ Ke8 34. Qb6
Re7 35. Nb3 Kf7 36. Rec1 f4 37. Nc5 Qc7 38. Qxc7 Bxc7 39. Ne4 Bb6 40. Ng5+ Kg6
41. Kg2 Rd7 42. Rc8 Rxc8 43. Rxc8 Rxd5 44. Rg8+ Kf6 45. Rf8+ Kg6 46. Rg8+ Kf6
47. Re8 f3+ 48. Kh2 Rb5 49. Ne4+ Kg7 50. b4 a5 51. Re7+ Kf8 52. Rxb7 axb4 53.
Rb8+ Ke7 54. Rb7+ Ke6 55. a4 Ra5 56. Rxb6+ 1-0

[Event "Game 03 (CH 2 x 0 )"]
[Site "http://www.queenalice.com/game.php?id=1118457"]
[Date "2012.11.2"]
[Round "-"]
[White "Dubone"]
[Black "MarcosT"]
[Result "0-1"]
[WhiteElo "1772"]
[BlackElo "1827"]

1. e4 c5 2. Nf3 Nc6 3. Bb5 g6 4. d4 cxd4 5. Nxd4 a6 6. Bc4 Bg7 7. c3 Nf6 8. Nxc6
bxc6 9. Qc2 Bb7 10. Be3 O-O 11. Nd2 e6 12. h3 d5 13. exd5 cxd5 14. Bd3 e5 15.
O-O-O d4 16. Bg5 Qa5 17. b3 e4 18. Bc4 d3 19. Qb2 Bd5 20. Kb1 Rab8 21. Be3 Be6
22. Bxe6 fxe6 23. f3 exf3 24. gxf3 Nd5 25. Bd4 Bxd4 26. Nc4 Nxc3+ 27. Kc1 Ne2+
28. Kb1 Qc3 0-1

[Event "OS INCLIVEIS"]
[Site "http://www.queenalice.com/game.php?id=1162345"]
[Date "2013.3.18"]
[Round "-"]
[White "adelio"]
[Black "Dubone"]
[Result "0-1"]
[WhiteElo "1744"]
[BlackElo "1749"]

1. f4 d6 2. e4 e5 3. f5 Nf6 4. Nc3 Be7 5. d3 d5 6. Bg5 dxe4 7. Bxf6 Bxf6 8. Nxe4
Bxf5 9. Nxf6+ Qxf6 10. g4 Qh4+ 11. Kd2 Bxg4 12. Nf3 Qh6+ 13. Ke1 Qe3+ 14. Qe2
Qxf3 15. Qxe5+ Kd7 16. Rg1 Nc6 17. Qe4 Rhe8 18. Kd2 Rxe4 19. dxe4 Qf4+ 20. Ke1
Qe3+ 21. Be2 Qxe2# 0-1

[Event "AEAP 2013"]
[Site "http://www.queenalice.com/game.php?id=1164175"]
[Date "2013.3.24"]
[Round "1"]
[White "dida"]
[Black "Dubone"]
[Result "0-1"]
[WhiteElo "1512"]
[BlackElo "1781"]

1. e4 c6 2. Nf3 d5 3. e5 Bf5 4. h3 h6 5. Nc3 e6 6. Be2 Nd7 7. d3 Bb4 8. Bd2 Ne7
9. a3 Ba5 10. b4 Bc7 11. b5 Nxe5 12. Nxe5 Bxe5 13. bxc6 bxc6 14. Qb1 Rb8 15. Qa2
d4 16. Na4 Bd6 17. O-O Nd5 18. c4 Nf4 19. Bxf4 Bxf4 20. Nc5 Qg5 21. g4 h5 22. f3
Be3+ 23. Kh2 Bf4+ 24. Kg2 Qh4 25. gxf5 Qg3+ 0-1

[Event "FK 1 x 0 Dub."]
[Site "http://www.queenalice.com/game.php?id=1165183"]
[Date "2013.3.27"]
[Round "-"]
[White "Dubone"]
[Black "frankcasadio"]
[Result "1/2-1/2"]
[WhiteElo "1786"]
[BlackElo "1993"]

1. c4 e5 2. Nc3 Nf6 3. e3 Bc5 4. Nge2 d5 5. d4 exd4 6. Nxd4 Bxd4 7. Qxd4 Be6 8.
Be2 Nc6 9. Qc5 a6 10. Bd2 Qd7 11. O-O-O b6 12. Qa3 Ne4 13. Nxe4 dxe4 14. Bc3 Qe7
15. Qa4 Bd7 16. Qc2 O-O 17. Rd2 Be6 18. Qxe4 Na7 19. Bd3 f5 20. Qf4 Rad8 21.
Rhd1 Nc6 22. a3 Rd6 23. h4 Bc8 24. b4 Rdf6 25. Bxf6 Qxf6 26. b5 Qa1+ 27. Bb1
Qxa3+ 28. Rb2 Qc3+ 29. Bc2 axb5 30. Qxc7 Na5 31. Rd8 Qe1+ 32. Bd1 Qc3+ 33. Kb1
Nxc4 34. Rc2 Qb4+ 35. Ka1 Qa3+ 36. Kb1 Qb3+ 37. Kc1 Qa3+ 38. Kb1 Qb4+ 39. Kc1
Qa3+ 1/2-1/2

[Event "Challenge 2013"]
[Site "http://www.queenalice.com/game.php?id=1170574"]
[Date "2013.4.11"]
[Round "-"]
[White "MarcosT"]
[Black "Dubone"]
[Result "0-1"]
[WhiteElo "1761"]
[BlackElo "1765"]

1. e4 c6 2. d4 d5 3. e5 Bf5 4. Nc3 e6 5. g4 Bg6 6. Nge2 Bb4 7. Bd2 Nd7 8. a3 Ba5
9. b4 Bc7 10. Nf4 Ne7 11. Nxg6 Nxg6 12. Qe2 O-O 13. O-O-O a5 14. Na2 Qe7 15. g5
Nb6 16. bxa5 Qxa3+ 17. Kb1 Nc4 18. Bc3 Rxa5 19. Qf3 Qxa2+ 20. Kc1 Qa3+ 0-1

[Event "Game 02 (Ch 1x0)"]
[Site "http://www.queenalice.com/game.php?id=1174696"]
[Date "2013.4.24"]
[Round "-"]
[White "Dubone"]
[Black "MarcosT"]
[Result "0-1"]
[WhiteElo "1783"]
[BlackElo "1768"]

1. c4 Nf6 2. Nc3 c6 3. Nf3 d5 4. e3 e6 5. d4 Nbd7 6. cxd5 cxd5 7. Bb5 Bb4 8. a3
Bxc3+ 9. bxc3 O-O 10. O-O a6 11. Bd3 Re8 12. Qc2 h6 13. Re1 b5 14. Ne5 Bb7 15.
Nxf7 Kxf7 16. Bg6+ Kg8 17. Bxe8 Qxe8 18. f3 Qf7 19. Qf2 e5 20. e4 dxe4 21. f4
Ng4 22. Qg3 Qh5 23. h3 Ngf6 24. dxe5 Nd5 25. e6 N7f6 26. f5 Rc8 27. Qe5 Re8 28.
Bd2 Ne7 29. Be3 Nxf5 30. Rad1 Nxe3 31. Qxh5 Nxh5 32. Rxe3 Rxe6 33. Rd7 Bc6 0-1